[Event "GER-ch U25-B"]
[Site "Willingen"]
[Date "2019.06.12"]
[Round "6"]
[White "Keck, Johannes"]
[Black "Winterberg, Johanna"]
[Result "0-1"]
[WhiteElo "1402"]
[BlackElo "1742"]
[PlyCount "74"]
[EventDate "2019.06.08"]
[EventType "swiss"]
[EventRounds "9"]
[EventCountry "GER"]
[SourceTitle "CBM 191 Extra"]
[Source "ChessBase"]
[SourceDate "2019.09.30"]
[SourceVersion "1"]
[SourceVersionDate "2019.09.30"]
[SourceQuality "1"]

1. e4 c5 2. Nc3 Nc6 3. g3 g6 4. Bg2 Bg7 5. Nge2 e6 6. d3 Nge7 7. 0-0 0-0 8. f4 d6 9. h4 Rb8 10. Kh2 b5 11. Ng1 b4 12. Nce2 Qb6 13. g4 f5 14. g5 a5 15. Ng3 a4 16. h5 b3 17. c3 a3 18. axb3 axb2 19. Bxb2 Qxb3 20. Qxb3 Rxb3 21. Rfb1 Bxc3 22. Bxc3 Rxc3 23. exf5 exf5 24. Rb6 Bd7 25. Ra7 Nxa7 26. Rb7 Bc6 27. Rxe7 Bxg2 28. Kxg2 Nc6 29. Rc7 Nd4 30. h6 Ne6 31. Re7 Nxf4+ 32. Kh1 Rxd3 33. Rg7+ Kh8 34. N3e2 Ne6 35. Re7 Nxg5 36. Nf4 Rd2 37. Ngh3 Nf3 0-1

[Event "GER-ch U25-B"]
[Site "Willingen"]
[Date "2019.06.12"]
[Round "5"]
[White "Winterberg, Johanna"]
[Black "Kovac, Linda"]
[Result "0-1"]
[WhiteElo "1742"]
[BlackElo "1718"]
[PlyCount "52"]
[EventDate "2019.06.08"]
[EventType "swiss"]
[EventRounds "9"]
[EventCountry "GER"]
[SourceTitle "CBM 191 Extra"]
[Source "ChessBase"]
[SourceDate "2019.09.30"]
[SourceVersion "1"]
[SourceVersionDate "2019.09.30"]
[SourceQuality "1"]

1. e4 c5 2. Nf3 Nc6 3. d4 cxd4 4. Nxd4 a6 5. c3 Qc7 6. Be3 g6 7. Nxc6 dxc6 8. Bd4 e5 9. Be3 Bg7 10. Bd3 Nf6 11. 0-0 Nh5 12. Nd2 0-0 13. c4 c5 14. a3 Rd8 15. Be2 Nf4 16. b4 b6 17. g3 Bh3 18. Re1 Ng2 19. g4 Qc8 20. f3 Nxe3 21. Qc1 Ng2 22. Rd1 Nf4 23. Kf2 Bf6 24. Rg1 Bh4+ 25. Ke3 Ng2+ 26. Rxg2 Bxg2 0-1

[Event "GER-ch U25-B"]
[Site "Willingen"]
[Date "2019.06.09"]
[Round "2"]
[White "Zimmer, Luca"]
[Black "Winterberg, Johanna"]
[Result "1/2-1/2"]
[WhiteElo "1676"]
[BlackElo "1742"]
[PlyCount "110"]
[EventDate "2019.06.08"]
[EventType "swiss"]
[EventRounds "9"]
[EventCountry "GER"]
[SourceTitle "CBM 191 Extra"]
[Source "ChessBase"]
[SourceDate "2019.09.30"]
[SourceVersion "1"]
[SourceVersionDate "2019.09.30"]
[SourceQuality "1"]

1. e4 c5 2. d4 cxd4 3. c3 d3 4. Bxd3 Nc6 5. Nf3 g6 6. Bf4 Bg7 7. Na3 Nf6 8. Nb5 d6 9. e5 dxe5 10. Nxe5 Nd5 11. Bc4 Nxe5 12. Bxd5 0-0 13. 0-0 Qb6 14. Qb3 Bf5 15. Be3 Qa5 16. Nd4 Bd3 17. Rfd1 e6 18. Bf3 Nxf3+ 19. Nxf3 Rfd8 20. Qxb7 Rab8 21. Qxa7 Qxa7 22. Bxa7 Rxb2 23. Bd4 Be2 24. Rdb1 Rc2 25. Bxg7 Kxg7 26. Nd4 Rd2 27. Nxe2 Rxe2 28. Re1 Rc2 29. Rec1 Rdd2 30. Rxc2 Rxc2 31. Kf1 Rxc3 32. a4 Rc8 33. a5 Kf6 34. Ke2 Ke5 35. Kd3 Kd5 36. Ra2 Ra8 37. a6 Kc6 38. Kd4 Kb6 39. a7 Rxa7 40. Rxa7 Kxa7 41. Ke5 Kb6 42. Kf6 Kc5 43. Kxf7 Kd5 44. Kg7 Ke5 45. Kxh7 Kf5 46. Kh6 e5 47. h3 g5 48. g4+ Kf4 49. Kh5 e4 50. h4 gxh4 51. Kxh4 Kf3 52. g5 Kxf2 53. g6 e3 54. g7 e2 55. g8Q e1Q 1/2-1/2

[Event "GER-ch U16 Girls"]
[Site "Magdeburg"]
[Date "2014.06.11"]
[Round "6"]
[White "Bork, Sophie"]
[Black "Winterberg, Johanna"]
[Result "1-0"]
[WhiteElo "1737"]
[BlackElo "1369"]
[PlyCount "63"]
[EventDate "2014.06.08"]
[EventType "swiss"]
[EventRounds "9"]
[EventCountry "GER"]
[SourceTitle "CBM 160 Extra"]
[Source "ChessBase"]
[SourceDate "2014.07.01"]
[SourceVersion "1"]
[SourceVersionDate "2014.07.01"]
[SourceQuality "1"]

1. e4 c5 2. c3 Nf6 3. e5 Nd5 4. Nf3 Nc6 5. d4 cxd4 6. cxd4 d6 7. Bc4 Nb6 8. Bb5 dxe5 9. Nxe5 Bd7 10. Nxd7 Qxd7 11. Nc3 e6 12. 0-0 Be7 13. Qg4 0-0 14. Bxc6 bxc6 15. Bh6 Bf6 16. Rfd1 Qe7 17. Ne4 Nd5 18. Rac1 Rfc8 19. Rd3 Kh8 20. Bd2 Rab8 21. b3 Nb4 22. Bxb4 Rxb4 23. d5 Qd8 24. d6 Be5 25. Qe2 Qh4 26. Ng3 Rd4 27. d7 Rd8 28. Rxc6 Rxd3 29. Qxd3 Qe7 30. Rc8 g6 31. Qb5 Kg7 32. Qxe5+ 1-0

[Event "GER-chT U14 Girls"]
[Site "Magdeburg"]
[Date "2012.12.28"]
[Round "4.1"]
[White "Winterberg, Johanna"]
[Black "Garbere, Diana"]
[Result "1-0"]
[WhiteElo "1327"]
[BlackElo "1151"]
[PlyCount "119"]
[EventDate "2012.12.27"]
[EventType "team-swiss"]
[EventRounds "7"]
[EventCountry "GER"]
[SourceTitle "EXT 2014"]
[Source "ChessBase"]
[SourceDate "2013.11.20"]
[SourceVersion "1"]
[SourceVersionDate "2013.11.20"]
[SourceQuality "1"]
[WhiteTeam "Breitenworbis"]
[BlackTeam "Hamburger SK"]
[WhiteTeamCountry "GER"]
[BlackTeamCountry "GER"]

1. e4 d6 2. d4 Nf6 3. Nc3 g6 4. Nf3 Bg7 5. e5 dxe5 6. dxe5 Qxd1+ 7. Nxd1 Ng4 8. Bf4 Nc6 9. Bb5 Bd7 10. Bxc6 Bxc6 11. e6 0-0 12. Rg1 fxe6 13. Bxc7 e5 14. Nd2 Nxh2 15. f3 Rf5 16. Rh1 Rh5 17. Kf2 Ng4+ 18. Kg1 Rxh1+ 19. Kxh1 Rc8 20. Ba5 Nf6 21. Nf2 Bb5 22. Bc3 Nd5 23. Nfe4 Nxc3 24. Nxc3 Bh6 25. Nde4 Bc6 26. Rd1 Bxe4 27. fxe4 Rc7 28. Rd5 Bf4 29. Kg1 Be3+ 30. Kf1 Bd4 31. a4 Bxc3 32. bxc3 Rxc3 33. Rxe5 Rxc2 34. Rxe7 Ra2 35. Rxb7 Rxa4 36. e5 Rf4+ 37. Kg1 Re4 38. Re7 a5 39. Kf2 Kf8 40. Rxh7 Rxe5 41. Ra7 g5 42. Kf3 Ke8 43. Kg4 Kd8 44. Kh5 Kc8 45. g4 Kb8 46. Rf7 a4 47. Rf5 Re7 48. Kxg5 Ra7 49. Rf1 a3 50. Kh6 a2 51. Ra1 Ra6+ 52. Kh5 Ra5+ 53. g5 Kc8 54. Kh6 Kd8 55. g6 Ke8 56. g7 Kf7 57. Rf1+ Ke7 58. g8Q a1Q 59. Rxa1 Rxa1 60. Qg7+ 1-0

[Event "GER-chT U14 Girls"]
[Site "Arendsee"]
[Date "2011.12.30"]
[Round "7.1"]
[White "Reyher, Susan"]
[Black "Winterberg, Johanna"]
[Result "1-0"]
[WhiteElo "1341"]
[BlackElo "1263"]
[PlyCount "101"]
[EventDate "2011.12.27"]
[EventType "team-swiss"]
[EventRounds "7"]
[EventCountry "GER"]
[SourceTitle "EXT 2022"]
[Source "ChessBase"]
[SourceDate "2021.10.06"]
[SourceVersion "1"]
[SourceVersionDate "2021.10.06"]
[SourceQuality "1"]
[WhiteTeam "Gryps SV U14 Girls"]
[BlackTeam "Breitenworbis U14 Girls"]
[WhiteTeamCountry "GER"]
[BlackTeamCountry "GER"]

1. e4 c5 2. Nf3 Nc6 3. d4 cxd4 4. Nxd4 Nf6 5. Nc3 g6 6. Bc4 Bg7 7. Be3 0-0 8. f3 Qb6 9. Bb3 Nxe4 10. Nxe4 Bxd4 11. Bxd4 Nxd4 12. Qd3 Nxb3 13. axb3 Qb4+ 14. Nc3 d6 15. 0-0-0 Bf5 16. Qe3 e5 17. Qh6 Qc5 18. g4 Bxc2 19. Kxc2 Rac8 20. Kb1 f6 21. Qd2 f5 22. Qd5+ Qxd5 23. Rxd5 Rcd8 24. g5 a6 25. Rhd1 Rfe8 26. Rxd6 Rxd6 27. Rxd6 e4 28. fxe4 fxe4 29. Rd4 e3 30. Ne2 Kf7 31. Rf4+ Ke6 32. Re4+ Kd7 33. Rxe8 Kxe8 34. Kc2 Ke7 35. Kd3 Ke6 36. Kxe3 Kf5 37. h3 Kxg5 38. Ke4 Kf6 39. h4 Ke6 40. Nf4+ Kd6 41. Kd4 b6 42. b4 Kd7 43. Kd5 b5 44. b3 Ke7 45. Kc6 Kf6 46. Kb6 Kf5 47. Ng2 Kg4 48. Kxa6 Kg3 49. Kxb5 Kxg2 50. Ka5 Kf3 51. b5 1-0

[Event "Cologne Longerich op 8th"]
[Site "Cologne"]
[Date "2011.08.14"]
[Round "4"]
[White "Torres, Roberto"]
[Black "Winterberg, Johanna"]
[Result "1-0"]
[WhiteElo "1635"]
[BlackElo "1130"]
[PlyCount "71"]
[EventDate "2011.08.12"]
[EventType "swiss"]
[EventRounds "5"]
[EventCountry "GER"]
[SourceTitle "EXT 2017"]
[Source "ChessBase"]
[SourceDate "2016.10.25"]
[SourceVersion "1"]
[SourceVersionDate "2016.10.25"]
[SourceQuality "1"]

1. e4 c5 2. d4 cxd4 3. Nf3 Nf6 4. e5 Ng4 5. Qxd4 d6 6. Bb5+ Nc6 7. exd6 Qxd6 8. Qxd6 exd6 9. 0-0 Be7 10. Re1 a6 11. Bxc6+ bxc6 12. Bf4 Be6 13. Nc3 c5 14. Rad1 0-0 15. Bxd6 Bxd6 16. Rxd6 h6 17. Red1 Bf5 18. R1d2 Nf6 19. h3 Be4 20. Rxf6 gxf6 21. Nxe4 Rad8 22. Nxf6+ Kg7 23. Nd5 Rd7 24. c4 Rfd8 25. Nh4 Rb8 26. Nf5+ Kg6 27. g4 Rb4 28. Nf4+ Kg5 29. Rxd7 Kxf4 30. Rd2 Rxc4 31. b3 Re4 32. Kg2 h5 33. Ng3 Re5 34. Nxh5+ Kg5 35. Kg3 f5 36. f4+ 1-0

[Event "GER-chT U14 Girls"]
[Site "Gross Doelln"]
[Date "2010.12.29"]
[Round "5.4"]
[White "Dietzel, Maren"]
[Black "Winterberg, Johanna"]
[Result "1/2-1/2"]
[WhiteElo "893"]
[BlackElo "1080"]
[PlyCount "60"]
[EventDate "2010.12.27"]
[EventType "team-swiss"]
[EventRounds "7"]
[EventCountry "GER"]
[SourceTitle "CBM 140 Extra"]
[Source "ChessBase"]
[SourceDate "2011.03.01"]
[SourceVersion "1"]
[SourceVersionDate "2011.03.01"]
[SourceQuality "1"]
[WhiteTeam "Jena Schott"]
[BlackTeam "Burgtonna"]
[WhiteTeamCountry "GER"]
[BlackTeamCountry "GER"]

1. d4 d6 2. Nf3 Nd7 3. e4 c5 4. c3 g6 5. Nbd2 Bg7 6. Bd3 Ngf6 7. 0-0 0-0 8. Re1 Ng4 9. Qc2 b6 10. b3 Bb7 11. Bb2 h5 12. h3 Nh6 13. c4 cxd4 14. Nxd4 Nc5 15. Rab1 Kh7 16. N4f3 Nxd3 17. Qxd3 f6 18. Nd4 Qd7 19. f3 e5 20. Ne2 a5 21. Nc3 f5 22. Qe3 Qc7 23. Qe2 f4 24. a4 Ng8 25. Nd5 Qc5+ 26. Kh1 Bxd5 27. cxd5 Rab8 28. Nc4 Ne7 29. Red1 Ra8 30. Ba3 Qc7 1/2-1/2

[Event "GER-ch Schools U18 Girls"]
[Site "Germany"]
[Date "2010.05.08"]
[Round "6.4"]
[White "Nesterkin, Maria"]
[Black "Winterberg, Johanna"]
[Result "1-0"]
[WhiteElo "860"]
[BlackElo "1004"]
[PlyCount "61"]
[EventDate "2010.05.07"]
[EventType "team-swiss"]
[EventRounds "7"]
[EventCountry "GER"]
[SourceTitle "EXT 2011"]
[Source "ChessBase"]
[SourceDate "2010.11.26"]
[SourceVersion "1"]
[SourceVersionDate "2010.11.26"]
[SourceQuality "1"]
[WhiteTeam "Stade Athenaeum (W)"]
[BlackTeam "Langensalza SG (W)"]
[WhiteTeamCountry "GER"]
[BlackTeamCountry "GER"]

1. d4 d5 2. Nf3 Nc6 3. e3 Nf6 4. Bd3 g6 5. 0-0 Bg7 6. b3 0-0 7. Bb2 Ne4 8. Nbd2 Nxd2 9. Qxd2 Bg4 10. Be2 Bxf3 11. Bxf3 a5 12. Rac1 b5 13. e4 dxe4 14. Bxe4 Qd7 15. Rfe1 e6 16. c4 b4 17. d5 Nd8 18. Bxg7 Kxg7 19. Qd4+ f6 20. Rcd1 c6 21. dxc6 Nxc6 22. Qxd7+ Rf7 23. Qxc6 Raa7 24. Qxe6 Rfe7 25. Qh3 f5 26. Bf3 Rac7 27. Rxe7+ Rxe7 28. Qh4 Re6 29. Rd7+ Kf8 30. Qd8+ Re8 31. Qf6+ 1-0

[Event "GER-ch Schools U18 Girls"]
[Site "Germany"]
[Date "2010.05.07"]
[Round "3.4"]
[White "Winterberg, Johanna"]
[Black "Kieckbusch, Sabrina"]
[Result "1-0"]
[WhiteElo "1004"]
[BlackElo "800"]
[PlyCount "59"]
[EventDate "2010.05.07"]
[EventType "team-swiss"]
[EventRounds "7"]
[EventCountry "GER"]
[SourceTitle "EXT 2011"]
[Source "ChessBase"]
[SourceDate "2010.11.26"]
[SourceVersion "1"]
[SourceVersionDate "2010.11.26"]
[SourceQuality "1"]
[WhiteTeam "Langensalza SG (W)"]
[BlackTeam "Stella KGS (W)"]
[WhiteTeamCountry "GER"]
[BlackTeamCountry "GER"]

1. e4 e5 2. Nf3 Nf6 3. Nc3 Nc6 4. Bc4 Bc5 5. 0-0 d6 6. d3 0-0 7. Be3 h6 8. Bxc5 dxc5 9. Nd5 Nxd5 10. exd5 Ne7 11. Nxe5 f6 12. Nf3 Bf5 13. d4 cxd4 14. Nxd4 a5 15. Nxf5 Nxf5 16. Qd3 Qd7 17. g4 Nh4 18. d6+ Kh8 19. dxc7 Rac8 20. Qxd7 Rfd8 21. cxd8Q+ Rxd8 22. Qxd8+ Kh7 23. Bd3+ Ng6 24. Bxg6+ Kxg6 25. Qe8+ Kh7 26. h4 a4 27. h5 b5 28. Qg6+ Kg8 29. Rfe1 b4 30. Re8# 1-0